00318nam a2200109Ia 4500008004100000082000800041100001900049245002400068942000600092952009500098999001500193240331s9999 xx 000 0 und d bRAJ aRajgowthaman,  0aPoy+apaththam unmai cL 001040708LaWERCLbWERCLcSSCd2024-03-31l0o 305 RAJp2148r2024-03-31w2024-03-31yL c1514d1514